MAKING UNUSUAL MINIATURES (Record no. 210506)

MARC details
000 -LEADER
fixed length control field 00438nam a22001577a 4500
008 - FIXED-LENGTH DATA ELEMENTS--GENERAL INFORMATION
fixed length control field 240709b |||||||| |||| 00| 0 eng d
020 ## - INTERNATIONAL STANDARD BOOK NUMBER
International Standard Book Number 0946819130
050 ## - LIBRARY OF CONGRESS CALL NUMBER
Classification number TT 178 .S63 1989
Item number C. 1
100 ## - MAIN ENTRY--PERSONAL NAME
Personal name SPALDING, GRAHAM
245 ## - TITLE STATEMENT
Title MAKING UNUSUAL MINIATURES
260 ## - PUBLICATION, DISTRIBUTION, ETC.
Place of publication, distribution, etc. GREAT BRITAIN
Name of publisher, distributor, etc. GUILT OF MASTER CRAFTSMAN PUBLICATIONS LTD
Date of publication, distribution, etc. 1989
300 ## - PHYSICAL DESCRIPTION
Extent 120.:ILL.
650 ## - SUBJECT ADDED ENTRY
Topical term or geographic name entry element MINIATURES
942 ## - ADDED ENTRY ELEMENTS (KOHA)
Source of classification or shelving scheme Library of Congress Classification
Koha item type Long Loan Book
Holdings
Withdrawn status Lost status Source of classification or shelving scheme Damaged status Not for loan Collection Home library Current library Shelving location Date acquired Inventory number Total checkouts Full call number Barcode Date last seen Copy number Price effective from Koha item type
    Dewey Decimal Classification     Science & Technology Kisii University Library Kisii University Library On Display 07/09/2024 102151   TT 178 .S63 1989 000000007922 07/09/2024 C. 1 07/09/2024 Long Loan Book